LEADER 01014nam a2200229 i 4500 001 000000116173 003 CaOOAMICUS 005 20160408000000.0 008 160408s1788 it u000 u ita u 013 $a88862 026 $ai.ui 9.II 6.I. (2(1 (3) 1788 (R) 040 $aSeMil$bita 245 10$aDella messa nella lingua volgare e della tolleranza cristiana discorsi. 260 $aVercelli :$bNella Stamperia Patria,$c1788. 300 $a104 p. ;$c4º. 500 $aVignetta xilogr. sul front. - Iniz., fregi xilogr. - Segn. : A-N4. 650 4$aMessa - Commentari e studi.$0(OLS)http://semarc/subject/2736 710 2 $aTipografia Patria$b.$0(OLS)http://semarc/name/5709 850 $aSeMil 852 $aSeMil$W1$xVenegono$y1$m3K V 41 FA$j71653$B71653$CSeMilBibl$Z2$F75783 $8I 996 $6245$aDella messa nella lingua volgare e della tolleranza cristiana discorsi$9(OLS)http://semarc/title/170316 996 $6260$aVercelli :$bNella Stamperia Patria$9(OLS)http://semarc/publisher/45544 LEADER 01171nam a2200277 i 4500 001 000000224111 003 CaOOAMICUS 005 20260605114243.0 008 131025s1990 it u000 u ita u 013 $a203009 020 $a88-263-0732-6 040 $aSeMil$bita 100 1 $aGrelot, Pierre,$d<1917-2009>.$0(OLS)http://semarc/name/5245 245 10$a8: Omelie sulla scrittura nell'età apostolica /$cPierre Grelot ; con la collaborazione di Marcel Dumais. 264 1$aRoma :$bBorla,$c[1990] 300 $a300 p. ;$c21 cm 700 1 $aValentino, Carlo.$0(OLS)http://semarc/name/43181 700 1 $aDumais, Marcel.$0(OLS)http://semarc/name/22473 773 0 $tIntroduzione al nuovo testamento.$bEd. Italiana.$dRoma : Borla, 1976-1992.$g8$w()10858 850 $aSeMil 852 $aSeMil$W1$xVenegono$y1$m2V III 90$j174457$B174457$CSeMilBibl$Z2$F185966 $81 961 $aOmaggio: Altro 996 $6020$a88-263-0732-6$9(OLS)http://semarc/number/224483 996 $6245$a8: Omelie sulla scrittura nell'età apostolica$9(OLS)http://semarc/title/321255 996 $6264$aRoma :$bBorla$9(OLS)http://semarc/publisher/29677